header

Foldases catalyzing the formation and isomerization of disulfide bonds in proteins (Record no. 66596)

MARC details
000 -LEADER
fixed length control field 01293nam a2200325Ia 4500
082 04 - DEWEY DECIMAL CLASSIFICATION NUMBER
Classification number 572/.633
100 1# - MAIN ENTRY--AUTHOR NAME
Personal name Nagradova, N. K.
245 10 - TITLE STATEMENT
Title Foldases catalyzing the formation and isomerization of disulfide bonds in proteins
260 ## - PUBLICATION, DISTRIBUTION, ETC. (IMPRINT)
Place of publication New York :
Name of publisher Nova Biomedical Books,
Year of publication c2009.
300 ## - PHYSICAL DESCRIPTION
Number of Pages 75 p. :
Other physical details ill. (some col.)
650 #0 - SUBJECT ADDED ENTRY--TOPICAL TERM
Topical Term Protein disulfide isomerase.
Topical Term Protein folding.
856 40 - ELECTRONIC LOCATION AND ACCESS
Uniform Resource Identifier http://site.ebrary.com/lib/rucke/Doc?id=10660209

No items available.

© 2026 Rongo University
Contact us: librarian | system librarian | Rongo university